| 000 | 01069cad a22002535a 4500 | ||
|---|---|---|---|
| 001 | L154784 | ||
| 008 | 120118e20120105xxkd f s 000 0 eng d | ||
| 035 | _a(Sirsi) u154784 | ||
| 041 | 0 | _aeng | |
| 110 | 2 |
_aRoyal Institution of Chartered Surveyors _bEconomics _95033 |
|
| 245 | 0 | 0 |
_aRICS global real estate weekly _b5 January 2012 _h[electronic resource] |
| 260 |
_aLondon _bRICS _c2012 |
||
| 490 | 0 |
_aRICS Global Real Estate Weekly _v5 January 2012 |
|
| 520 | _aGerman house price momentum likely to reverse in H2 2012. Canadian housing sector activity likely to moderate in 2012. UK construction sector faces another difficult year. Softer Chinese data to continue into the first quarter of 2012. | ||
| 590 | _aKA | ||
| 650 | 2 | 4 | _aRICS GLOBAL REAL ESTATE WEEKLY |
| 651 | 4 |
_aGermany _y1990- |
|
| 651 | 4 | _aCanada | |
| 651 | 4 |
_aUnited Kingdom _y |
|
| 651 | 4 | _aChina | |
| 690 |
_aResidential property _96266 |
||
| 856 | 4 | 0 |
_uhttps://www.rics.org/site/download_feed.aspx?fileID=11091&fileExtension=PDF _zView the report free of charge at www.rics.org |
| 942 | _n0 | ||
| 999 |
_c113151 _d113151 |
||